| 000 | 00425pab a2200157 454500 | ||
|---|---|---|---|
| 008 | 180718b2013 xxu||||| |||| 00| 0 eng d | ||
| 100 | _aChattopadhyay, Saumen | ||
| 245 | _aAcademic freedom and employability : a neoliberal agenda to guide education reform | ||
| 260 | _c2013 | ||
| 300 | _ap.69-77. | ||
| 362 | _aJul-Aug | ||
| 650 | _aEducational reform | ||
| 773 | _aSocial Scientist | ||
| 908 | _aN | ||
| 909 | _a100736 | ||
| 999 |
_c100735 _d100735 |
||